Fútbol - Selecciones que le ganaron a Inglaterra desde el 2000 - Estadísticas

Estadísticas generales
  • Esta prueba ha sido intentada 72 veces
  • La puntuación promedio es 13 de 18
Estadísticas de respuestas
Cantidad Primera Última Equipo % Correcto
2 2018 2024 España
99%
2 2004 2022 Francia
99%
2 2000 2010 Alemania
97%
2 2014 2022 Italia
94%
1 2002 2002 Brasil
91%
1 2000 2000 Portugal
90%
1 2019 2019 Países Bajos
87%
3 2018 2020 Bélgica
80%
3 2006 2018 Croacia
77%
1 2007 2007 Rusia
77%
1 2014 2014 Uruguay
74%
1 2020 2020 Dinamarca
61%
1 2016 2016 Islandia
57%
1 2009 2009 Ucrania
56%
2 2022 2022 Hungría
53%
1 2019 2019 República Checa
46%
1 2000 2000 Rumania
43%
1 2005 2005 Irlanda del Norte
39%
No se encontraron pruebas coincidentes
Distribución de puntuación
Porcentaje de gente con cada puntuación
Porcentaje por número respondido
Historial de tus puntuaciones
No has intentado esta prueba.